000 01171cam a2200349 i 4500
001 768714001
003 CO-MdFUSB
005 20220429092920.0
007 ta
008 161101t1995 -us||||f |||| 00| 0 eng d
020 _a9780800628796
040 _aCO-MdFUSB
_bEspañol
_cCO-MdFUSB
_dCO-MdFUSB
_erda
041 _aeng
082 _224
_a220.66
_bN532p
100 1 _aAdam, A. K. M.
_eautor
245 0 0 _aWhat is postmodern Biblical criticism
_c/ A. K. M. Adam
264 1 _aMinneapolis, Minnesota :
_bFortress Press,
_c[1995]
264 4 _c©1995
300 _axiv, 81 páginas
_c; 22 cm
336 _2rdacontent
_atexto
_btxt
337 _2rdamedia
_asin mediación
_bn
338 _2rdacarrier
_avolumen
_bnc
490 _aGuides to Biblical Scholarship
504 _aIncluye índice (p. 79-81)
505 _aTexturas de la posmodernidad - Deconstrucción: Hacer una diferencia - La crítica política: Las ideologías y sus descontentos - Cruzando los discursos
563 _aRústico
630 0 7 _aBiblia
_xCrítica, interpretación, etc.
653 _aLa hermenéutica de la Biblia
942 _cREF
945 _aJTF-925
999 _c47048
_d47048